Countries With Over 5 Million Muslims but No Muslim Majority - Statistics

General Stats
  • This quiz has been taken 57 times
  • The average score is 11 of 14
Answers on the Map
Answers color-coded by a green-red scale on the quiz's map according to % correct below.
 
Answer Stats
Answer % Correct
France
98%
China
96%
India
96%
Russia
94%
Germany
92%
Ethiopia
87%
Democratic Republic of the Congo
81%
Kenya
77%
Tanzania
75%
Uganda
71%
Cameroon
67%
Mozambique
67%
Philippines
67%
Ivory Coast
54%
No matching quizzes found
Score Distribution
Percent of People with Each Score
Percentile by Number Answered
Your Score History
You have not taken this quiz